书目信息

书名: 康有为海外诗集 
作者: 康有为, 著 ;张启礽 康雪培
出版信息: 北京   中译出版社  2025.1
开本页数: 21cm  301页, [6] 页图版
丛书名:
单 册:
中图分类: I222
科图分类:
主题词: 诗集--shi ji--中国--近代
电子资源:
ISBN: 978-7-5001-8102-6
000 01347nam0 2200277 450
001 012025000263
005 20241205133521.4
010    @a978-7-5001-8102-6@dCNY68.00
100    @a20241205d2025 em y0chiy50 ea
101 @achi@aeng@cchi
102    @aCN@b110000
105    @aacfhz 000gy
106    @ar
200 @a康有为海外诗集@Akang you wei hai wai shi ji@e中英双语版@f康有为著@g(加) 张启礽注@g(美) 康雪培译@d= Kang Youwei's overseas poetry collection@eChinese/English@fwritten Kang Youwei@gannotated Zhang Qireng@gtranslated Kang Xuepei@zeng
210    @a北京@c中译出版社@d2025.1
215    @a301页, [6] 页图版@c图 (部分彩图), 肖像, 摹真@d21cm
314    @a张启礽, 致力于康有为与保皇会在海外史料搜集整理及加拿大华人史的研究。康雪培, 1982年毕业于华东师范大学外语系英语专业, 后在上海工程技术大学任教。1988年赴美留学, 获英美文学硕士。
330    @a本书所选诗歌皆为康有为流亡海外时期的佳作, 由张启礽注释, 康雪培翻译, 可作为研究康有为流放岁月和众多海外国家人文历史的宝贵史料。
510 @aKang Youwei's overseas poetry collection@eChinese/English@zeng
606 @a诗集@Ashi ji@y中国@z近代
690    @aI222@v5
701  0 @a康有为,@Akang you wei@f1858-1927@4著
702  0 @a张启礽@Azhang qi reng@4注
702  0 @a康雪培@Akang xue pei@4译
801  0 @aCN@bCDNYKJZYXY@c20241205
905    @aCDNYKJZYXY@b300735930-32@dI222@e238@f3
    
    康有为海外诗集:中英双语版/康有为著/(加) 张启礽注/(美) 康雪培译= Kang Youwei's overseas poetry collection:Chinese/English/written Kang Youwei/annotated Zhang Qireng/translated Kang Xuepei.-北京:中译出版社,2025.1
    301页, [6] 页图版:图 (部分彩图), 肖像, 摹真;21cm
    
    
    ISBN 978-7-5001-8102-6:CNY68.00
    本书所选诗歌皆为康有为流亡海外时期的佳作, 由张启礽注释, 康雪培翻译, 可作为研究康有为流放岁月和众多海外国家人文历史的宝贵史料。
相关链接 在五车中查询图书 在当当中查询图书 在豆瓣中查询图书


正题名:康有为海外诗集     索取号:I222/238         预约/预借

序号 登录号 条形码 馆藏地/架位号 状态 备注
1 735930   300735930   流通书库/ [索取号:I222/238] 在馆    
2 735931   300735931   流通书库/ [索取号:I222/238] 在馆    
3 735932   300735932   流通书库/ [索取号:I222/238] 在馆